TRANSCOM 2005 section 2: Economics and management

Saved in:
Bibliographic Details
Corporate Author: TRANSCOM 2005. European conference of young research and science workers in transport and telecommunications
Format: Book
Language:English
German
Published: Žilina University of Žilina 2005
Subjects:
Tags: Add Tag
No Tags, Be the first to tag this record!

MARC

LEADER 00000nam$a2200000$$$4500
001 0056297
005 20240104134347.6
020 |a 80-8070-414-7 
041 0 |a eng 
041 0 |a ger 
044 |a SK 
245 1 0 |a TRANSCOM 2005  |b section 2: Economics and management 
264 1 |a Žilina  |b University of Žilina  |c 2005 
300 |a 262 s. 
610 2 0 |a doprava 
610 2 0 |a hospodárstvo dopravné 
610 2 0 |a riadenie 
610 2 0 |a manažment 
610 2 0 |a politika dopravná 
610 2 0 |a preprava 
610 2 0 |a logistika 
610 2 0 |a technológie nové 
610 2 0 |a telekomunikácie 
110 2 |a TRANSCOM 2005. European conference of young research and science workers in transport and telecommunications